000 00321nam a2200145Ia 4500
008 191201s2008 xx 000 0 und d
082 _a658.87
_bLOC
100 _aLOUDON , David l
245 0 _aConsumer Behavior
250 _aRep.
260 _aN.Delhi
_bTMH
_c2008
300 _a788
650 _aMBA
942 _2ddc
_cBK
999 _c3542
_d3542